Donovalkovo, hlavné mesto detí

K populárnym Habakukom na Donovaloch pribudol interaktívny rodinný areál Donovalkovo. Jedinečná atrakcia na Slovensku. Mestečko so všetkými zariadeniami, ktoré skutočné mesto tvoria. Ideálne strávený čas pre deti.

Salvato in:
Dettagli Bibliografici
Autore principale: Lisá, Lea
Natura: Capitolo di libro
Lingua:slovacco
Soggetti:
Tags: Aggiungi Tag
Nessun Tag, puoi essere il primo ad aggiungerne!!

MARC

LEADER 00000naa a2200000 4500
001 0236042
005 20170927101743.4
041 0 |a slo 
044 |a SK 
245 1 0 |a Donovalkovo, hlavné mesto detí  |c Lea Lisá 
520 |a K populárnym Habakukom na Donovaloch pribudol interaktívny rodinný areál Donovalkovo. Jedinečná atrakcia na Slovensku. Mestečko so všetkými zariadeniami, ktoré skutočné mesto tvoria. Ideálne strávený čas pre deti. 
610 2 0 |a ruch cestovný 
610 2 0 |a služby 
610 2 0 |a deti 
610 2 0 |a rodina 
610 2 0 |a podnikanie 
610 2 0 |a podnikatelia 
610 2 0 |a mestá 
610 2 0 |a Slovensko 
100 1 |a Lisá, Lea